000 01233cam a22003494a 4500
999 _c531712
_d531712
001 17012891
003 NUST
005 20191024103430.0
008 111020s2012 flua b 001 0 eng
010 _a 2011038912
020 _a9781578087471 (hardcover : alk. paper)
038 _aMSOHAIL
040 _aDLC
_cDLC
_dDLC
042 _apcc
050 0 0 _aGB2803.2
_b.M48 2012
082 0 0 _a551.57
_223
100 1 _aMeylan, Paul.
_924658
245 1 0 _aPredictive hydrology :
_ba frequency analysis approach /
_cPaul Meylan, Anne-Catherine Favre, Andre Musy.
260 _aBoca Raton, FL :
_bCRC Press,
_cc2012.
300 _axii, 212 p. :
_bill. ;
_c24 cm.
504 _aIncludes bibliographical references and index.
650 0 _aHydrometeorology.
_924659
650 0 _aHydrology
_xStatistical methods.
_924660
650 0 _aFrequency curves.
_924661
650 0 _aHydrology
_xMathematical models.
_924662
650 0 _aHydrological forecasting.
_924663
700 1 _aFavre, Anne-Catherine.
_924664
700 1 _aMusy, A.
_924665
906 _a7
_bcbc
_corignew
_d1
_eecip
_f20
_gy-gencatlg
942 _2ddc
_cBK